000 00629nam a2200241Ia 4500
003 OSt
005 20221007072637.0
006 a|||||r|||| 00| 0
007 ta
008 221006b |||||||| |||| 00| 0 eng d
024 _a26,926
037 _cReports / Technical Reports
040 _aFLL
_cFLL
_beng
041 _2eng
_aeng
082 _aZ:3y7, K1
100 _aSmith J.C.
245 0 _aContract
250 _a2nd
260 _aLondon
_bSweet & Maxwell Ltd. London
_c1961
300 _axxiv,1-528p
_ccm.
942 _hZ:3y7, K1
_cREP
_2CC
999 _c1146639
_d1146639